Entry Nombre personal
001 - NÚMERO DE CONTROL
- campo de control: 24235
003 - IDENTIFICADOR DE NÚMERO DE CONTROL
- campo de control: SpMaBN
005 - FECHA Y HORA DE LA ÚLTIMA TRANSACCIÓN
- campo de control: 20250814044422.0
008 - ELEMENTOS DE DATO DE LONGITUD-FIJA
- campo de control de longitud fija: 901120nn aijnnaabn a aaa
016 ## - NÚMERO DE CONTROL DE UNA AGENCIA BIBLIOGRÁFICA NACIONAL
- Número de control del registro: BNE19900508542
024 8# - IDENTIFICADOR DE OTROS ESTÁNDARES
- Número estándar o código: http://www.larramendi.es/aut/POLI20090014619
024 7# - IDENTIFICADOR DE OTROS ESTÁNDARES
- Número estándar o código: http://viaf.org/viaf/5065490/
- Fuente: viaf
024 7# - IDENTIFICADOR DE OTROS ESTÁNDARES
- Número estándar o código: https://isni.org/isni/0000000121187693
- Fuente: isni
024 7# - IDENTIFICADOR DE OTROS ESTÁNDARES
- Número estándar o código: http://www.wikidata.org/entity/Q383642
- Fuente: wikidata
024 8# - IDENTIFICADOR DE OTROS ESTÁNDARES
- Número estándar o código: http://pares.mcu.es:80/ParesBusquedas20/catalogo/autoridad/121 858
040 ## - FUENTE DE CATALOGACIÓN
- Centro catalogador/agencia de origen: SpMaBN
- Lengua de catalogación: spa
- Centro/agencia transcriptor: SpMaBN
- Normas de descripción: rdc
- Convención/Normas de encabezamiento de materia/tesauro: embne
046 ## - FECHAS CON CODIFICACIÓN ESPECIAL
- Fecha de nacimiento: 1730
- Fecha de la muerte: 1804
100 1# - ENCABEZAMIENTO-NOMBRE DE PERSONA
- Nombre de persona: Azara, José Nicolás de,
- Fechas asociadas al nombre: 1730-1804
370 ## - LUGAR ASOCIADO
- Lugar de nacimiento: Barbastro
- Número de control del registro de autoridad o número normalizado: XX450577
- Fuente de información: Wikidata
374 ## - OCUPACIÓN
- Ocupación: Politicos
- Ocupación: Diplomáticos
- Fuente de información: Wikidata
375 ## - GÉNERO/SEXO
- Género: Masculino
- Fuente de información: Wikidata
377 ## - IDIOMA ASOCIADO
- Término de lengua/lenguaje: Español
400 1# - TRAZADO DE VÉASE--NOMBRE DE PERSONA
- Nombre de persona: Azara, Nicolás de,
- Fechas asociadas al nombre: 1730-1804
400 1# - TRAZADO DE VÉASE--NOMBRE DE PERSONA
- Nombre de persona: Azara y Perera, José Nicolás de,
- Fechas asociadas al nombre: 1730-1804
670 ## - FUENTE DE DATOS ENCONTRADOS
- Cita de la fuente: Las memorias de José Nicolás de Azara (ms. 20121 de la BNM), de Gabriel Sánchez Espinosa, 1994
- Información encontrada: p. I (político y hombre de letras español José Nicolaás de Azara (1730-1804)) p. 1 (José Nicolás de Azara y Perera)
670 ## - FUENTE DE DATOS ENCONTRADOS
- Cita de la fuente: Palau
- Información encontrada: (Azara, José Nicolas de)
670 ## - FUENTE DE DATOS ENCONTRADOS
- Cita de la fuente: Espasa
- Información encontrada: (Azara, José Nicolás de, marqués de Nibiano; diplomático español, n. en Barbuñales y m en París, 1730-1804)
